[Event "Oberliga Nord W 0304"]
[Site "Germany"]
[Date "2003.10.12"]
[Round "1.8"]
[White "Labahn, Dieter"]
[Black "Wenzel, Reinhard"]
[Result "1/2-1/2"]
[WhiteElo "2125"]
[BlackElo "2246"]
[PlyCount "41"]
[EventDate "2003.10.12"]
[EventType "team-tourn"]
[EventRounds "9"]
[EventCountry "GER"]
[SourceTitle "EXT 2005"]
[Source "ChessBase"]
[SourceDate "2004.11.15"]
[SourceVersion "1"]
[SourceVersionDate "2004.11.15"]
[SourceQuality "1"]
[WhiteTeam "Hannover SF"]
[BlackTeam "Werder Bremen II"]
[WhiteTeamCountry "GER"]
[BlackTeamCountry "GER"]

1. e4 c5 2. c3 d6 3. d4 Nf6 4. dxc5 Nc6 5. Qc2 dxc5 6. Bg5 e6 7. Nf3 h6 8. Bh4 Be7 9. Nbd2 Ng4 10. Bxe7 Qxe7 11. h3 Nge5 12. Nxe5 Nxe5 13. Be2 Ng6 14. Bb5+ Bd7 15. Bxd7+ Qxd7 16. 0-0 0-0 17. Rad1 Qc7 18. Nf3 Rfd8 19. Rxd8+ Rxd8 20. Rd1 Rd7 21. Rd2 1/2-1/2

[Event "BL2-Nord 0001"]
[Site "Germany"]
[Date "2001.02.18"]
[Round "6.5"]
[White "Wenzel, Reinhard"]
[Black "Maxion, Dirk"]
[Result "1/2-1/2"]
[WhiteElo "2254"]
[BlackElo "2225"]
[PlyCount "77"]
[EventDate "2000.10.15"]
[EventType "team-tourn"]
[EventRounds "9"]
[EventCountry "GER"]
[SourceTitle "CBM 082 Extra"]
[Source "ChessBase"]
[SourceDate "2001.07.03"]
[SourceVersion "1"]
[SourceVersionDate "2001.07.03"]
[SourceQuality "1"]
[WhiteTeam "Werder Bremen II"]
[BlackTeam "Koenig Tegel II"]
[WhiteTeamCountry "GER"]
[BlackTeamCountry "GER"]

1. c4 g6 2. Nc3 Bg7 3. g3 d6 4. Bg2 Nc6 5. Rb1 e5 6. Nf3 f5 7. 0-0 Nf6 8. b4 a6 9. d3 h6 10. Nd5 Nxd5 11. cxd5 Ne7 12. Nd2 0-0 13. a4 f4 14. Bb2 Bg4 15. d4 exd4 16. Nb3 fxg3 17. hxg3 Nf5 18. Nxd4 Nxd4 19. Bxd4 Bxe2 20. Qxe2 Bxd4 21. Bh3 Qg5 22. Be6+ Kg7 23. Kg2 Rae8 24. Qe4 Qf6 25. f4 Re7 26. a5 c6 27. f5 cxd5 28. Qd3 Be5 29. b5 Qg5 30. bxa6 bxa6 31. Rb4 Rc7 32. Rg4 Rc3 33. Rxg5 Rxd3 34. Rxg6+ Kh7 35. Rh1 Rd2+ 36. Kf3 Bg7 37. Rb1 Bb2 38. Rh1 Bg7 39. Rb1 1/2-1/2

[Event "BL2-Nord 0001"]
[Site "Germany"]
[Date "2001.01.07"]
[Round "4.4"]
[White "Junge, Kai"]
[Black "Wenzel, Reinhard"]
[Result "1/2-1/2"]
[WhiteElo "2252"]
[BlackElo "2254"]
[PlyCount "40"]
[EventDate "2000.10.15"]
[EventType "team-tourn"]
[EventRounds "9"]
[EventCountry "GER"]
[SourceTitle "CBM 082 Extra"]
[Source "ChessBase"]
[SourceDate "2001.07.03"]
[SourceVersion "1"]
[SourceVersionDate "2001.07.03"]
[SourceQuality "1"]
[WhiteTeam "Preetz"]
[BlackTeam "Werder Bremen II"]
[WhiteTeamCountry "GER"]
[BlackTeamCountry "GER"]

1. Nf3 c5 2. g3 Nc6 3. Bg2 e5 4. d3 g6 5. 0-0 Bg7 6. c4 Nge7 7. Nc3 0-0 8. Ne1 d6 9. Nc2 a5 10. Ne3 Rb8 11. Rb1 b6 12. Bd2 Bb7 13. a3 Nd4 14. Bxb7 Rxb7 15. b4 axb4 16. axb4 Ra7 17. Ned5 Nxd5 18. Nxd5 Ra2 19. Nc3 Ra7 20. Nd5 Ra2 1/2-1/2

[Event "BL2-Nord 9900"]
[Site "Germany"]
[Date "2000.03.26"]
[Round "8.5"]
[White "Von Buelow, Georg"]
[Black "Wenzel, Reinhard"]
[Result "1/2-1/2"]
[WhiteElo "2320"]
[BlackElo "2260"]
[PlyCount "104"]
[EventDate "1999.10.10"]
[EventType "team-tourn"]
[EventRounds "9"]
[EventCountry "GER"]
[SourceTitle "CBM 075 Extra"]
[Source "ChessBase"]
[SourceDate "2000.05.11"]
[SourceVersion "2"]
[SourceVersionDate "2000.05.11"]
[SourceQuality "1"]
[WhiteTeam "Hamburg Koenigsspringer"]
[BlackTeam "Werder Bremen II"]
[WhiteTeamCountry "GER"]
[BlackTeamCountry "GER"]

1. e4 c5 2. Nf3 Nc6 3. d4 cxd4 4. Nxd4 g6 5. c4 Nf6 6. Nc3 Nxd4 7. Qxd4 d6 8. Bg5 Bg7 9. Qd2 0-0 10. f3 Be6 11. Rc1 Qa5 12. b3 Rfc8 13. Be2 a6 14. Na4 Qxd2+ 15. Kxd2 Nd7 16. g4 Kf8 17. Rc2 Bd4 18. h4 f6 19. Bh6+ Kf7 20. Kd3 Ba7 21. Nc3 Ne5+ 22. Kd2 Bd4 23. Be3 Bxe3+ 24. Kxe3 b5 25. cxb5 axb5 26. Rhc1 b4 27. Na4 Rcb8 28. g5 f5 29. f4 Nd7 30. Bf3 Ra5 31. Rc7 fxe4 32. Bxe4 Nb6 33. Nxb6 Rxb6 34. h5 gxh5 35. Bxh7 Rb8 36. Rh1 Bg4 37. Bb1 Rbb5 38. Re1 Rc5 39. Rb7 Rab5 40. Ra7 Ra5 41. Rb7 Rab5 42. Ra7 Ra5 43. Rxa5 Rxa5 44. Rc1 Be6 45. Rc7 h4 46. Rc1 h3 47. Kf2 Bf5 48. Bxf5 Rxf5 49. Kg3 h2 50. Rh1 e5 51. fxe5 Rxg5+ 52. Kf3 Rf5+ 1/2-1/2

[Event "Oberliga Nord W 9899"]
[Site "Germany"]
[Date "1999.03.21"]
[Round "8.3"]
[White "Wenzel, Reinhard"]
[Black "Karges, Dieter"]
[Result "1-0"]
[WhiteElo "2270"]
[BlackElo "2205"]
[PlyCount "55"]
[EventDate "1998.10.??"]
[EventType "team-tourn"]
[EventRounds "9"]
[EventCountry "GER"]
[SourceTitle "EXT 2003"]
[Source "ChessBase"]
[SourceDate "2002.11.25"]
[SourceVersion "1"]
[SourceVersionDate "2002.11.25"]
[SourceQuality "1"]
[WhiteTeam "Werder Bremen II"]
[BlackTeam "Braunschweig SF"]
[WhiteTeamCountry "GER"]
[BlackTeamCountry "GER"]

1. c4 c5 2. Nc3 Nc6 3. g3 g6 4. Bg2 Bg7 5. Nf3 e6 6. 0-0 Nge7 7. a3 0-0 8. b4 cxb4 9. axb4 d5 10. b5 Na5 11. cxd5 exd5 12. Ba3 Re8 13. Bxe7 Rxe7 14. Nxd5 Rd7 15. e4 Rxd5 16. exd5 Bxa1 17. Qxa1 Nc4 18. d3 Nd6 19. Nd2 f5 20. Nc4 b6 21. Qe5 Nf7 22. Qd4 Bb7 23. d6 Bxg2 24. Kxg2 Qd7 25. Qd5 Rb8 26. Re1 Rf8 27. Re7 Qd8 28. Rxf7 1-0

[Event "Oberliga Nord W 9899"]
[Site "Germany"]
[Date "1999.01.31"]
[Round "5.3"]
[White "Wronn, Bernd"]
[Black "Wenzel, Reinhard"]
[Result "1-0"]
[WhiteElo "2125"]
[BlackElo "2270"]
[PlyCount "83"]
[EventDate "1998.10.??"]
[EventType "team-tourn"]
[EventRounds "9"]
[EventCountry "GER"]
[SourceTitle "EXT 2003"]
[Source "ChessBase"]
[SourceDate "2002.11.25"]
[SourceVersion "1"]
[SourceVersionDate "2002.11.25"]
[SourceQuality "1"]
[WhiteTeam "Buxtehude"]
[BlackTeam "Werder Bremen II"]
[WhiteTeamCountry "GER"]
[BlackTeamCountry "GER"]

1. Nf3 c5 2. c4 Nc6 3. Nc3 g6 4. d4 cxd4 5. Nxd4 Bg7 6. Nc2 Nf6 7. e4 0-0 8. Be2 d6 9. Be3 a5 10. f3 Nb4 11. 0-0 Bd7 12. Rc1 Bc6 13. Qd2 Nd7 14. Nd4 Nc5 15. Rb1 a4 16. b3 axb3 17. axb3 Qa5 18. Nd5 Bxd5 19. exd5 Qb6 20. Ra1 Bxd4 21. Bxd4 Nxb3 22. Bxb6 Nxd2 23. Rfd1 Nb3 24. Rab1 Ra3 25. c5 dxc5 26. Bc4 Na5 27. Bxc5 Nxc4 28. Bxb4 Re3 29. Bc5 Re2 30. Rxb7 Re8 31. Kf1 Re5 32. Kf2 Kf8 33. f4 Rf5 34. Kf3 h5 35. h3 g5 36. g3 gxf4 37. gxf4 Ne5+ 38. Ke4 Nd7 39. Rxd7 Rf6 40. Rg1 Rg6 41. Rxg6 fxg6 42. Ke5 1-0

[Event "BL2-Nord 9798"]
[Site "Germany"]
[Date "1998.??.??"]
[Round "9.3"]
[White "Plueg, Andreas"]
[Black "Wenzel, Reinhard"]
[Result "1/2-1/2"]
[WhiteElo "2375"]
[BlackElo "2280"]
[PlyCount "81"]
[EventDate "1997.10.??"]
[EventType "team-tourn"]
[EventRounds "9"]
[EventCountry "GER"]
[SourceTitle "EXT 1999"]
[Source "ChessBase"]
[SourceDate "1998.11.16"]
[SourceVersion "1"]
[SourceVersionDate "1998.11.16"]
[SourceQuality "1"]
[WhiteTeam "Hamburger SG BUE"]
[BlackTeam "Werder Bremen II"]
[WhiteTeamCountry "GER"]
[BlackTeamCountry "GER"]

1. d4 Nf6 2. Nf3 g6 3. c3 b6 4. Bf4 Bg7 5. Nbd2 Bb7 6. e3 0-0 7. Be2 d6 8. h3 c5 9. 0-0 Nc6 10. a4 Qd7 11. Re1 Rfc8 12. Bf1 Qd8 13. Nc4 Na5 14. Nxa5 bxa5 15. Nd2 Ne4 16. Nxe4 Bxe4 17. f3 Bf5 18. e4 Bd7 19. dxc5 Rxc5 20. Be3 Rc7 21. Bb5 Be6 22. Qe2 Rb8 23. Red1 Qf8 24. Qf2 Ra8 25. Rd2 Bh6 26. f4 Bc4 27. Rd4 Bb3 28. Rd2 Bc4 29. Bxc4 Rxc4 30. Rd4 Qc8 31. Rad1 Qc6 32. Qc2 Rxd4 33. Rxd4 e5 34. Rd5 Bxf4 35. Bxf4 exf4 36. Kh2 Re8 37. Rd4 Qc5 38. Qd1 Qg5 39. Qf3 Rb8 40. Rd5 Qh4 41. Qe2 1/2-1/2

[Event "BL2-Nord 9798"]
[Site "Germany"]
[Date "1997.??.??"]
[Round "2.3"]
[White "Glienke, Manfred"]
[Black "Wenzel, Reinhard"]
[Result "1-0"]
[WhiteElo "2380"]
[BlackElo "2280"]
[PlyCount "157"]
[EventDate "1997.10.??"]
[EventType "team-tourn"]
[EventRounds "9"]
[EventCountry "GER"]
[SourceTitle "EXT 1999"]
[Source "ChessBase"]
[SourceDate "1998.11.16"]
[SourceVersion "1"]
[SourceVersionDate "1998.11.16"]
[SourceQuality "1"]
[WhiteTeam "Kreuzberg"]
[BlackTeam "Werder Bremen II"]
[WhiteTeamCountry "GER"]
[BlackTeamCountry "GER"]

1. d4 Nf6 2. Nf3 g6 3. Bf4 Bg7 4. e3 0-0 5. Be2 c5 6. 0-0 d6 7. h3 cxd4 8. exd4 Be6 9. c4 Qb6 10. b3 a5 11. Nc3 Bd7 12. Bg5 Nc6 13. Rc1 Nb4 14. a3 Na6 15. Re1 Rfe8 16. Bf1 Bc6 17. Be3 Qd8 18. d5 Bd7 19. Nd4 Nc5 20. Ndb5 Bxb5 21. Nxb5 Qd7 22. Rb1 Rec8 23. Bd4 Qd8 24. Qf3 h5 25. Qe3 Kf8 26. Rbd1 Ng8 27. Bxg7+ Kxg7 28. Qd4+ Kh7 29. Re3 Qf8 30. Rde1 Qg7 31. Qf4 Rf8 32. g4 Qh6 33. Qd4 Qg5 34. Bg2 Qh4 35. Rg3 f5 36. gxf5 Qxd4 37. fxg6+ Kh6 38. Nxd4 Rf4 39. Ne6 Nxe6 40. Rxe6 Kg7 41. Rg5 Kh6 42. Rg3 Kg7 43. Rf3 Raf8 44. Rxf4 Rxf4 45. Be4 b6 46. f3 Rf8 47. a4 Re8 48. Bc2 Nf6 49. f4 Nd7 50. f5 Kf8 51. Kg2 Nc5 52. Re2 Kg7 53. Kg3 Kf6 54. Kh4 Rh8 55. Re3 Rh6 56. Rg3 Rh8 57. Rg5 Nd7 58. Rxh5 Rc8 59. Rh7 Ne5 60. Bd1 Rg8 61. Bg4 Re8 62. Kg3 Kg5 63. h4+ Kf6 64. Kf4 Rc8 65. Be2 Rf8 66. Rh5 Nd7 67. Rg5 Kg7 68. Rg3 Kf6 69. h5 Kg7 70. Kg5 Rh8 71. Rh3 Rh6 72. Re3 Ne5 73. b4 axb4 74. Rb3 Rh8 75. Rxb4 Nd7 76. a5 bxa5 77. Rb7 Rd8 78. h6+ Kf8 79. g7+ 1-0

[Event "BL2-Nord 9798"]
[Site "Germany"]
[Date "1997.??.??"]
[Round "1.3"]
[White "Wenzel, Reinhard"]
[Black "Stanke, Juergen"]
[Result "0-1"]
[WhiteElo "2280"]
[BlackElo "2335"]
[PlyCount "62"]
[EventDate "1997.10.??"]
[EventType "team-tourn"]
[EventRounds "9"]
[EventCountry "GER"]
[SourceTitle "EXT 1999"]
[Source "ChessBase"]
[SourceDate "1998.11.16"]
[SourceVersion "1"]
[SourceVersionDate "1998.11.16"]
[SourceQuality "1"]
[WhiteTeam "Werder Bremen II"]
[BlackTeam "Hamburger SK II"]
[WhiteTeamCountry "GER"]
[BlackTeamCountry "GER"]

1. c4 e6 2. Nc3 d5 3. d4 Nf6 4. Bg5 Be7 5. e3 0-0 6. Nf3 Nbd7 7. Qc2 c6 8. a3 a6 9. cxd5 exd5 10. Bd3 Re8 11. 0-0 g6 12. b4 Nh5 13. Bxe7 Rxe7 14. a4 Nb6 15. b5 cxb5 16. axb5 a5 17. Ne5 Rc7 18. Ra3 Be6 19. f4 Ng7 20. Rfa1 f6 21. Nf3 Nc4 22. Bxc4 Rxc4 23. Nd2 Rcc8 24. Qa2 Nf5 25. Nce4 Qe7 26. Nc5 b6 27. Nxe6 Qxe6 28. e4 Nxd4 29. exd5 Qd6 30. Ne4 Qxf4 31. Nc3 Qe3+ 0-1

[Event "Oberliga Nord W 9697"]
[Site "Germany"]
[Date "1996.12.08"]
[Round "3.2"]
[White "Wenzel, Reinhard"]
[Black "Naumann, Frank"]
[Result "1/2-1/2"]
[WhiteElo "2260"]
[BlackElo "2280"]
[PlyCount "102"]
[EventDate "1996.10.??"]
[EventType "team-tourn"]
[EventRounds "9"]
[EventCountry "GER"]
[SourceTitle "EXT 2003"]
[Source "ChessBase"]
[SourceDate "2002.11.25"]
[SourceVersion "1"]
[SourceVersionDate "2002.11.25"]
[SourceQuality "1"]
[WhiteTeam "Werder Bremen II"]
[BlackTeam "Hannover SV"]
[WhiteTeamCountry "GER"]
[BlackTeamCountry "GER"]

1. c4 g6 2. Nc3 Bg7 3. g3 c5 4. Bg2 Nc6 5. Nf3 e6 6. 0-0 Nge7 7. a3 d5 8. cxd5 Nxd5 9. Nxd5 exd5 10. Qc2 b6 11. d4 Bf5 12. Qa4 Bd7 13. dxc5 bxc5 14. Bg5 Nd4 15. Qxd4 cxd4 16. Bxd8 Rxd8 17. Rad1 d3 18. Rxd3 Bb5 19. Rd2 0-0 20. Rb1 d4 21. Ne1 Rfe8 22. Bf1 Rc8 23. Nd3 Bh6 24. Rdd1 Ba4 25. b3 Bd7 26. Rb2 Bf5 27. Bg2 Rc3 28. Bd5 Rd8 29. Bc4 Bf8 30. Ne5 Be6 31. Bxe6 fxe6 32. Nc4 Rb8 33. Rxd4 Bg7 34. Rbd2 Bxd4 35. Rxd4 Rcxb3 36. Rd7 R3b7 37. Rd6 Rc8 38. Ne5 Rb6 39. Rd7 Rf8 40. Rxa7 Rb1+ 41. Kg2 Rb2 42. Kf1 Rb1+ 43. Kg2 Rb2 44. Nd7 Rf7 45. Ra8+ Kg7 46. Ne5 Rf8 47. Ra7+ Kg8 48. Nd7 Rf7 49. Ra8+ Kg7 50. Ne5 Rf8 51. Ra7+ Kg8 1/2-1/2

[Event "Oberliga Nord W 9596"]
[Site "Germany"]
[Date "1996.04.21"]
[Round "8.2"]
[White "Kosak, Robert"]
[Black "Wenzel, Reinhard"]
[Result "1-0"]
[WhiteElo "2220"]
[BlackElo "2270"]
[PlyCount "81"]
[EventDate "1995.10.??"]
[EventType "team-tourn"]
[EventRounds "9"]
[EventCountry "GER"]
[SourceTitle "EXT 2003"]
[Source "ChessBase"]
[SourceDate "2002.11.25"]
[SourceVersion "1"]
[SourceVersionDate "2002.11.25"]
[SourceQuality "1"]
[WhiteTeam "Bremen Nord"]
[BlackTeam "Werder Bremen II"]
[WhiteTeamCountry "GER"]
[BlackTeamCountry "GER"]

1. e4 g6 2. g3 Bg7 3. Bg2 c5 4. Ne2 Nc6 5. c3 e5 6. d3 Nge7 7. Be3 b6 8. d4 exd4 9. cxd4 Ba6 10. Nbc3 Rc8 11. Qa4 Bxe2 12. Nxe2 cxd4 13. Nxd4 Nxd4 14. Bxd4 b5 15. Qd1 Qa5+ 16. Ke2 Bxd4 17. Qxd4 0-0 18. Rhd1 Rc2+ 19. Rd2 Rfc8 20. Qxd7 Qb4 21. b3 R8c5 22. Rad1 Nc6 23. Kf1 a5 24. f4 a4 25. e5 axb3 26. axb3 Rxd2 27. Rxd2 Rc1+ 28. Ke2 Ne7 29. Qd6 Qc5 30. Qxc5 Rxc5 31. Kd3 Nc6 32. Bxc6 Rxc6 33. Rc2 Ra6 34. Kd4 Ra7 35. Rc3 b4 36. Rc4 Ra2 37. Rxb4 Rxh2 38. Rc4 h5 39. b4 Rh3 40. b5 Rxg3 41. b6 1-0

[Event "Oberliga Nord W 9596"]
[Site "Germany"]
[Date "1996.02.25"]
[Round "6.2"]
[White "Buck, Lars"]
[Black "Wenzel, Reinhard"]
[Result "0-1"]
[WhiteElo "2200"]
[BlackElo "2270"]
[PlyCount "68"]
[EventDate "1995.10.??"]
[EventType "team-tourn"]
[EventRounds "9"]
[EventCountry "GER"]
[SourceTitle "EXT 2003"]
[Source "ChessBase"]
[SourceDate "2002.11.25"]
[SourceVersion "1"]
[SourceVersionDate "2002.11.25"]
[SourceQuality "1"]
[WhiteTeam "Stader SV"]
[BlackTeam "Werder Bremen II"]
[WhiteTeamCountry "GER"]
[BlackTeamCountry "GER"]

1. d4 Nf6 2. c4 g6 3. Nc3 Bg7 4. e4 0-0 5. f3 d6 6. Be3 e5 7. d5 c6 8. Qd2 cxd5 9. cxd5 Na6 10. g3 Bd7 11. Bh3 Qa5 12. Bxd7 Nxd7 13. Nge2 Nac5 14. 0-0 Rfc8 15. Rac1 a6 16. Rb1 Qb4 17. Nc1 a5 18. a3 Qc4 19. b3 Qa6 20. b4 axb4 21. axb4 Na4 22. Ra1 Ndb6 23. Nxa4 Nxa4 24. Nb3 Qb5 25. Rfc1 Rxc1+ 26. Rxc1 Bf6 27. Na5 h5 28. Rc7 Bd8 29. Rxb7 Qa6 30. Rd7 Bxa5 31. bxa5 Qb5 32. Rxd6 Rxa5 33. Rc6 Nb2 34. Rb6 Ra1+ 0-1

[Event "Oberliga Nord W 9596"]
[Site "Germany"]
[Date "1996.01.28"]
[Round "5.3"]
[White "Danschczyk, Christian"]
[Black "Wenzel, Reinhard"]
[Result "0-1"]
[WhiteElo "2280"]
[BlackElo "2270"]
[PlyCount "64"]
[EventDate "1995.10.??"]
[EventType "team-tourn"]
[EventRounds "9"]
[EventCountry "GER"]
[SourceTitle "EXT 2003"]
[Source "ChessBase"]
[SourceDate "2002.11.25"]
[SourceVersion "1"]
[SourceVersionDate "2002.11.25"]
[SourceQuality "1"]
[WhiteTeam "Braunschweig SF"]
[BlackTeam "Werder Bremen II"]
[WhiteTeamCountry "GER"]
[BlackTeamCountry "GER"]

1. d4 Nf6 2. c4 g6 3. Nc3 Bg7 4. e4 0-0 5. Nf3 c5 6. d5 d6 7. h3 a6 8. Bd3 b5 9. 0-0 bxc4 10. Bxc4 Nbd7 11. Qe2 Nb6 12. Bd3 e6 13. dxe6 Bxe6 14. Rd1 Qc7 15. Bf4 Nfd7 16. Bxa6 Rxa6 17. Qxa6 Bc4 18. Qa5 Ra8 19. Bxd6 Qb7 20. Qxa8+ Qxa8 21. e5 Nd5 22. a4 Nf4 23. a5 Nxe5 24. Bxe5 Bxe5 25. a6 Bxa6 26. Rxa6 Qxa6 27. Nxe5 Qb7 28. Nf3 Qxb2 29. Ne4 c4 30. Nfg5 h6 31. h4 hxg5 32. hxg5 Nd3 0-1

[Event "Bundesliga 9495"]
[Site "Germany"]
[Date "1995.??.??"]
[Round "?.8"]
[White "Himmel, Hansjoerg"]
[Black "Wenzel, Reinhard"]
[Result "0-1"]
[WhiteElo "2355"]
[BlackElo "2230"]
[PlyCount "76"]
[EventDate "1994.10.08"]
[EventType "team-tourn"]
[EventRounds "15"]
[EventCountry "GER"]
[SourceTitle "GER-chT"]
[Source "ChessBase"]
[SourceDate "1999.07.01"]
[SourceVersion "1"]
[SourceVersionDate "1999.07.01"]
[SourceQuality "1"]
[WhiteTeam "Duisburg"]
[BlackTeam "Werder Bremen"]
[WhiteTeamCountry "GER"]
[BlackTeamCountry "GER"]

1. e4 c5 2. Nf3 Nc6 3. Bb5 g6 4. 0-0 Bg7 5. c3 Nf6 6. Re1 0-0 7. d4 cxd4 8. cxd4 d5 9. e5 Ne4 10. Nc3 Bf5 11. Nh4 Nxc3 12. bxc3 Bd7 13. Bxc6 Bxc6 14. Ba3 Re8 15. f4 e6 16. Nf3 Qd7 17. Qd2 Bb5 18. Re3 Rec8 19. Qf2 Rc6 20. h3 Rac8 21. Rc1 Rc4 22. Nh2 Ra4 23. c4 dxc4 24. Bd6 Rc6 25. Rec3 Rca6 26. R1c2 Qc6 27. Qe2 Qd5 28. Nf3 Bh6 29. Qd2 Bc6 30. Be7 b5 31. Qf2 b4 32. Rxc4 Bxf4 33. Ng5 Bxg5 34. Bxg5 Rxa2 35. Rxc6 Ra1+ 36. Kh2 Rxc6 37. Rd2 f5 38. Bf6 Rcc1 0-1

[Event "Bundesliga 9495"]
[Site "Germany"]
[Date "1995.??.??"]
[Round "?.8"]
[White "Wenzel, Reinhard"]
[Black "Ostermeyer, Peter"]
[Result "1/2-1/2"]
[WhiteElo "2230"]
[BlackElo "2390"]
[PlyCount "36"]
[EventDate "1994.10.08"]
[EventType "team-tourn"]
[EventRounds "15"]
[EventCountry "GER"]
[SourceTitle "GER-chT"]
[Source "ChessBase"]
[SourceDate "1999.07.01"]
[SourceVersion "1"]
[SourceVersionDate "1999.07.01"]
[SourceQuality "1"]
[WhiteTeam "Werder Bremen"]
[BlackTeam "Koeln Porz"]
[WhiteTeamCountry "GER"]
[BlackTeamCountry "GER"]

1. c4 e5 2. Nc3 Bb4 3. g3 Bxc3 4. dxc3 d6 5. Bg2 f5 6. Nf3 Nf6 7. 0-0 0-0 8. Bg5 Nbd7 9. e4 h6 10. Bxf6 Nxf6 11. exf5 Bxf5 12. c5 Be4 13. Re1 Bc6 14. Qb3+ Rf7 15. Rad1 Qf8 16. Nh4 Bxg2 17. Kxg2 d5 18. Ng6 Qxc5 1/2-1/2

[Event "Oberliga Nord W 9394"]
[Site "Germany"]
[Date "1994.05.29"]
[Round "9.1"]
[White "Sawatzki, Frank"]
[Black "Wenzel, Reinhard"]
[Result "1-0"]
[WhiteElo "2240"]
[BlackElo "2165"]
[PlyCount "59"]
[EventDate "1993.10.??"]
[EventType "team-tourn"]
[EventRounds "9"]
[EventCountry "GER"]
[SourceTitle "EXT 2003"]
[Source "ChessBase"]
[SourceDate "2002.11.25"]
[SourceVersion "1"]
[SourceVersionDate "2002.11.25"]
[SourceQuality "1"]
[WhiteTeam "Goettingen"]
[BlackTeam "Werder Bremen II"]
[WhiteTeamCountry "GER"]
[BlackTeamCountry "GER"]

1. e4 c5 2. Nf3 d6 3. d4 cxd4 4. Nxd4 Nf6 5. Nc3 Nc6 6. Bg5 e6 7. Qd2 Be7 8. 0-0-0 a6 9. f4 Bd7 10. Kb1 Nxd4 11. Qxd4 Bc6 12. e5 dxe5 13. Qxe5 Qb8 14. Qe3 0-0 15. Bd3 g6 16. Qh3 Re8 17. Rhf1 b5 18. Qh4 b4 19. Ne2 Nd5 20. Bxe7 Rxe7 21. Nd4 Rc7 22. Rde1 a5 23. f5 exf5 24. Rxf5 Nc3+ 25. Ka1 Bd5 26. Rfe5 Rc8 27. Nf5 Rc7 28. Qh6 Qf8 29. Re8 gxf5 30. Qxf8# 1-0

[Event "Oberliga Nord W 9394"]
[Site "Germany"]
[Date "1994.03.20"]
[Round "6.1"]
[White "Wenzel, Reinhard"]
[Black "Bode, Wilfried"]
[Result "1/2-1/2"]
[WhiteElo "2165"]
[BlackElo "2365"]
[PlyCount "50"]
[EventDate "1993.10.??"]
[EventType "team-tourn"]
[EventRounds "9"]
[EventCountry "GER"]
[SourceTitle "EXT 2003"]
[Source "ChessBase"]
[SourceDate "2002.11.25"]
[SourceVersion "1"]
[SourceVersionDate "2002.11.25"]
[SourceQuality "1"]
[WhiteTeam "Werder Bremen II"]
[BlackTeam "Osnabrueck SV"]
[WhiteTeamCountry "GER"]
[BlackTeamCountry "GER"]

1. c4 e5 2. Nc3 Nf6 3. g3 d5 4. cxd5 Nxd5 5. Nf3 Nc6 6. Nxd5 Qxd5 7. d3 Be7 8. Bg2 Bg4 9. 0-0 Qd7 10. Be3 Bh3 11. Qa4 Bxg2 12. Kxg2 0-0 13. Rfc1 Bd6 14. Ng5 Rfd8 15. Qe4 g6 16. Qh4 h5 17. Ne4 Qe6 18. Bg5 Rdc8 19. Bf6 Bf8 20. h3 Nd4 21. g4 Nxe2 22. gxh5 Nf4+ 23. Kh2 Nxh5 24. Rg1 Nxf6 25. Nxf6+ Kg7 1/2-1/2

[Event "Oberliga Nord W 9394"]
[Site "Germany"]
[Date "1994.02.27"]
[Round "5.2"]
[White "Wenzel, Reinhard"]
[Black "Lau, Udo"]
[Result "1-0"]
[WhiteElo "2165"]
[BlackElo "2260"]
[PlyCount "75"]
[EventDate "1993.10.??"]
[EventType "team-tourn"]
[EventRounds "9"]
[EventCountry "GER"]
[SourceTitle "EXT 2003"]
[Source "ChessBase"]
[SourceDate "2002.11.25"]
[SourceVersion "1"]
[SourceVersionDate "2002.11.25"]
[SourceQuality "1"]
[WhiteTeam "Werder Bremen II"]
[BlackTeam "Salzgitter"]
[WhiteTeamCountry "GER"]
[BlackTeamCountry "GER"]

1. c4 e5 2. Nc3 Nf6 3. g3 Be7 4. Bg2 0-0 5. Nf3 Nc6 6. 0-0 d6 7. d4 Bg4 8. d5 Nb8 9. h3 Bh5 10. e4 a5 11. Be3 Na6 12. Qc2 Nd7 13. g4 Bg6 14. Ne2 Ndc5 15. Ng3 c6 16. dxc6 bxc6 17. Rad1 Qc7 18. h4 h6 19. g5 hxg5 20. hxg5 d5 21. Bxc5 Bxc5 22. cxd5 cxd5 23. Rxd5 Rac8 24. a3 Qb7 25. Qd2 Bb6 26. Nxe5 Nc5 27. Nf5 Rc7 28. Nd6 Qb8 29. Nxg6 fxg6 30. e5 Ne6 31. Rd3 Nf4 32. Rf3 Nh5 33. Rh3 Rc5 34. Bd5+ Kh7 35. Rxh5+ gxh5 36. g6+ Kh8 37. Qg5 Rxd5 38. Qxh5+ 1-0

[Event "Bundesliga 9495"]
[Site "Germany"]
[Date "1994.??.??"]
[Round "?.8"]
[White "Steinbacher, Matthias"]
[Black "Wenzel, Reinhard"]
[Result "1-0"]
[WhiteElo "2380"]
[BlackElo "2165"]
[PlyCount "47"]
[EventDate "1994.10.08"]
[EventType "team-tourn"]
[EventRounds "15"]
[EventCountry "GER"]
[SourceTitle "GER-chT"]
[Source "ChessBase"]
[SourceDate "1999.07.01"]
[SourceVersion "1"]
[SourceVersionDate "1999.07.01"]
[SourceQuality "1"]
[WhiteTeam "Muenchen 36"]
[BlackTeam "Werder Bremen"]
[WhiteTeamCountry "GER"]
[BlackTeamCountry "GER"]

1. e4 c5 2. Nf3 Nc6 3. b4 cxb4 4. d4 d5 5. exd5 Qxd5 6. c4 bxc3 7. Nxc3 Qa5 8. d5 Qxc3+ 9. Bd2 Qa3 10. dxc6 bxc6 11. Qc2 Bd7 12. Rb1 e5 13. Rb3 Qe7 14. Bc4 f6 15. 0-0 Nh6 16. Rfb1 Qd8 17. Bxh6 gxh6 18. Rd1 Qc7 19. Nh4 Bg4 20. Rdb1 Rd8 21. h3 Bc8 22. Ng6 hxg6 23. Qxg6+ Ke7 24. Qf7+ 1-0

[Event "BL2-Nord 9293"]
[Site "Germany"]
[Date "1993.??.??"]
[Round "?.6"]
[White "Sperlich, Olaf"]
[Black "Wenzel, Reinhard"]
[Result "1-0"]
[WhiteElo "2260"]
[BlackElo "2165"]
[PlyCount "99"]
[EventDate "1992.10.??"]
[EventType "team-tourn"]
[EventRounds "9"]
[EventCountry "GER"]
[SourceTitle "GER-chT2"]
[Source "ChessBase"]
[SourceDate "1999.07.01"]
[SourceVersion "1"]
[SourceVersionDate "1999.07.01"]
[SourceQuality "1"]
[WhiteTeam "Koenig Tegel"]
[BlackTeam "Werder Bremen"]
[WhiteTeamCountry "GER"]
[BlackTeamCountry "GER"]

1. Nf3 c5 2. g3 Nc6 3. Bg2 g6 4. 0-0 Bg7 5. e4 d6 6. c3 e5 7. a4 Nge7 8. Na3 0-0 9. d3 b6 10. Re1 h6 11. Nc4 Be6 12. h4 Qd7 13. Bd2 Na5 14. Nxa5 bxa5 15. d4 Rab8 16. Qc1 cxd4 17. Bxh6 dxc3 18. Bxg7 Kxg7 19. Qxc3 f6 20. Rec1 Rfc8 21. Qxa5 Rxb2 22. Rxc8 Nxc8 23. Rc1 Nb6 24. Bf1 Qxa4 25. Rc7+ Kg8 26. Qe1 Qb3 27. Qc1 Bf7 28. Nh2 Rb1 29. Qh6 Qd1 30. Rxa7 Qc1 31. Qxc1 Rxc1 32. Kg2 Be6 33. Bb5 Kf8 34. g4 Rc5 35. Be2 d5 36. h5 g5 37. Nf1 dxe4 38. h6 Kg8 39. Ng3 Nd5 40. Nxe4 Rc1 41. Kh2 Kh8 42. Ra6 Nc7 43. Rd6 Ra1 44. Nxf6 Ra8 45. Kg3 Rf8 46. Ne4 Rg8 47. Bd3 Bc8 48. Bc4 Re8 49. Nxg5 e4 50. Rg6 1-0